Personnages des Royaumes de Feu - Statistiques

Statistiques générales
  • Ce quiz a été pris 29 fois
  • Le résultat moyen est 12 sur 16
Statistiques - réponses
Par images Réponse % Correct
Argil
100%
Gloria
100%
Tsunami
100%
Comète
95%
Sunny
89%
Corail
74%
Péril
74%
Kinkajou
68%
Scarlet
68%
Fièvre
63%
Flamme
63%
Fournaise
63%
Crecerelle
58%
Loracle
53%
Palm
53%
Jambu
42%
Aucun quiz correspondant
Distribution des résultats
% des personnes avec chaque résultat
Percentile par nombre de réponses
Votre historique - résultats
Vous n’avez pas pris ce quiz